[Event "Bermuda-A"]
[Site "Bermuda"]
[Date "2002.01.24"]
[Round "4"]
[White "Macieja, Bartlomiej"]
[Black "Vuckovic, Bojan"]
[Result "1-0"]
[WhiteElo "2612"]
[BlackElo "2455"]
[Annotator "Gofshtein,L"]
[PlyCount "113"]
[EventDate "2002.01.21"]
[EventType "tourn"]
[EventRounds "9"]
[EventCountry "BER"]
[EventCategory "10"]
[SourceTitle "CBM 088"]
[Source "ChessBase"]
[SourceDate "2002.03.21"]
[SourceVersion "1"]
[SourceVersionDate "2002.03.21"]
[SourceQuality "1"]

1. e4 c5 2. Nf3 d6 3. d4 cxd4 4. Nxd4 Nf6 5. Nc3 Nc6 6. Bc4 Qb6 7. Ndb5 a6 8.
Be3 Qa5 9. Nd4 Ne5 (9... Nxe4 10. Qf3 f5 11. Nxc6 bxc6 12. O-O $44) (9... Qb4
10. Bb3 Ng4 11. Nxc6 bxc6 12. Bf4 $36) 10. Nb3 Qc7 11. Bd3 e6 (11... g6 12. Bg5
Ned7 13. Qd2 Bg7 $14 {1/2-1/2 Kondenko,A-Slavina,I/St Petersburg 2000/CBM 76 
(90)}) 12. Qe2 (12. a4 $5 Be7 (12... Bd7 13. Nd2 Bc6 14. f4 Nxd3+ 15. cxd3 d5
16. e5 d4 17. Bxd4 Rd8 18. Be3 Nd5 19. Nxd5 Rxd5 $44 {1/2-1/2 Macieja,
B-Damljanovic,B/Belgrade 1999/CBM 69 (75)}) (12... b6 13. f4 Nxd3+ 14. cxd3 Be7
15. Rc1 Qb7 16. O-O O-O 17. g4 Re8 18. g5 Nd7 19. Qf3 Bd8 20. Rc2 $132 {
1/2-1/2 Hartman,B-Spraggett,K/Canada 1986/CBM 04 (20)}) 13. a5 Bd7 14. Bb6 Qc8
15. Qe2 Ng6 16. O-O Nf4 $14 {1/2-1/2 Bjarnason,S-Vidarsson,J/ISL 1994/EXT 97 
(23)}) (12. f4 Nc4 13. Bxc4 Qxc4 14. Qf3 Bd7 (14... Qc7 15. Qg3 b5 16. e5 dxe5
17. fxe5 b4 18. Na4 $14 {0-1 Koch,J-Hernandez,G/Tunja 1989/TD (54)}) 15. O-O-O
Rc8 16. Rd2 b5 17. Bb6 Qc6 18. Ba5 Qa8 $13 {1/2-1/2 Sax,G-Tratar,M/Feldbach
1997/EXT 98 (30)}) 12... b5 (12... Be7 13. a4 b6 14. O-O O-O 15. h3 Re8 16. f4
Nxd3 17. cxd3 e5 18. d4 exd4 19. Bxd4 Bb7 $132 {0-1 Zamostni,J-Martic,Z/Pula
1994/EXT 97 (35)}) 13. f4 Nc4 14. Bc1 Bb7 15. a4 {[%cal Ra4b5] White try to
destroy pawn chain black's on queenside.} b4 16. Nd1 {[%csl Rc4][%cal Yd1f2,
Yd1e3,Yd3c4]} (16. Nb1 d5 17. e5 Ne4 18. O-O Be7 19. N1d2 (19. Kh1 f5 20. exf6
Bxf6 $132 {0-1 Speelman,J-Timman,J/London 1973/EXT 2001 (53)}) 19... Ncxd2 20.
Bxd2 O-O 21. Be3 {2.25-2.27. 1/2-1/2 Mitkov,N-Hernandez,G/Matanzas 1995/CBM 47
ext (51) [#]}) 16... Rc8 17. Nf2 {Bringing knight to important defencive
position.} Be7 18. Nd2 {Trading an active black knight and aiming to weak
point"a6".} (18. O-O e5 19. Nd2 Nxd2 20. Bxd2 {1/2-1/2 Kristiansen,J-Arnason,J/
Reykjavik 1986/EXT 2000 (20)}) 18... Nxd2 19. Bxd2 {[%csl Ra6,Rb4][%cal Yd3a6,
Yd2b4]} d5 $5 {[%cal Ye7b4] The strong answer in the centre making white to
think over not only about attack.} 20. e5 Ne4 21. O-O O-O 22. Rae1 {
Centralizing the rook .} Bc5 (22... Nxd2 $5) 23. Be3 {[%cal Ye3c5]} Qc6 $132
24. Qh5 g6 {Temptating 24...Qa4 but very dangerous for black in order of
white's attack on kingside.} (24... Qxa4 $6 25. Bxc5 Rxc5 26. Re3 $5 (26. f5
exf5 27. Qxf5 Qe8 $132) 26... Qe8 27. Rh3 h6 28. Bxe4 dxe4 29. Ng4 $18) (24...
Bxe3 $6 25. Rxe3 Qxa4 $2 26. Rh3 $40) 25. Qh4 {[%csl Rf6,Rh6][%cal Yf2g4,Yg4h6,
Yg4f6]} Nxf2 {Changing the knight which was ready to jump over"g4"-"f6","h6"}
26. Rxf2 Rfe8 {Black must be extremely careful.} (26... d4 27. Bd2 Qxa4 $2 28.
f5 $40) 27. Bxc5 Qxc5 28. b3 {Totally closing queenside for playing against
black king.} a5 29. Qf6 {Why not to change queens after 29...Qe7 with good
endgame and no problems?!} Ra8 $6 (29... Qe7 $5) 30. h4 {[%mdl 128]} Ba6 (30...
Qe7 $5) 31. Bxa6 Rxa6 32. h5 Rc6 $6 {It seems that black underestimated the
future breakthrough of white pawns.Much more simple looked 32...Qe7 breaking
down all white's iniative.} 33. h6 Qf8 34. f5 $1 Rc7 35. fxg6 fxg6 36. Qh4 Qc5
37. Kh1 Qe7 38. Qg4 {Opening the "f"-file get some trouble for black but
inspite of this they have sufficient counterplay.} Rcc8 $6 {Giving the
initiative right to white's hands.Better would be 38...Rf8.} (38... Rf8 $5 39.
Rxf8+ Kxf8 40. Rf1+ Kg8 41. Rf6 Rc6 42. Qe2 Qc5 $132) 39. Ref1 {[%cal Rf2f7]}
Rf8 40. Rf6 $5 {Breaking to the black's camp and making them to passive
defence.} Rxf6 41. exf6 Qf7 $6 {Passive move.Much more active 41...Qd6
covering weak black squares was better inspite of possible imaginable danger
for black king.} (41... Qd6 $5 42. f7+ Kf8 43. Qg5 (43. Rf6 Rxc2 $19) 43... e5)
42. Qf4 {[%cal Yf4d6]} Rf8 43. Qe5 Rd8 44. g4 Rd7 $2 {Decisive mistake.Black
loosing the most important point of their defence-pawn "e6".} (44... Rc8) 45.
Re1 Qe8 46. Qxe6+ Qxe6 47. Rxe6 $16 Kf7 48. Ra6 g5 49. Rxa5 Kxf6 50. Rb5 Ke5 {
Also bad 50...Rc7 which lead to same position with moves replacement.} (50...
Rc7 51. Rxb4 Rxc2 52. a5 Ke5 53. a6 Rc7 54. Kg2 $18) 51. Rxb4 Rc7 52. a5 Rxc2
53. a6 $18 Rc8 54. Kg2 d4 55. Kf3 Ra8 56. Ra4 Ra7 57. Ra5+ 1-0

[Event "Carlos Torre Wimbledon 16th"]
[Site "Merida"]
[Date "2003.12.17"]
[Round "1.5"]
[White "Zapata, Alonso"]
[Black "Gonzalez Zamora, Juan Carlos"]
[Result "1/2-1/2"]
[WhiteElo "2472"]
[BlackElo "2473"]
[Annotator "Gofshtein,L"]
[PlyCount "86"]
[EventDate "2003.12.17"]
[EventType "k.o."]
[EventRounds "4"]
[EventCountry "MEX"]
[SourceTitle "CBM 099"]
[Source "ChessBase"]
[SourceDate "2004.03.30"]
[SourceVersion "1"]
[SourceVersionDate "2004.03.30"]
[SourceQuality "1"]

1. e4 c5 2. Nf3 Nc6 3. d4 cxd4 4. Nxd4 Nf6 5. Nc3 d6 6. Bc4 e5 $5 {A rare move.
The usual moves in this position are: 6...e6, 6...Qb6 or 6...g6} 7. Nf5 (7. Nf3
Be6 $132) 7... Be6 $5 {Trying to exchange white's active bishop} 8. Bb3 {
White doesn't want to exchange on e6 as after 8...fxe6 black covers all his
weaknesses} g6 {8...Qd7 deserves serious attention as was played by Kuzmin in
the game given below} (8... Qd7 $5 9. Bg5 Nxe4 10. Nxg7+ Bxg7 11. Nxe4 Bxb3 12.
Nxd6+ Kf8 13. axb3 Nd4 14. c3 (14. Nc4 Qf5 $36) 14... Qxd6 15. cxd4 Qg6 $36 {
0-1 Platonov,I-Kuzmin,G/Kiev 1970/EXT 2001 (24)}) (8... Bxf5 9. exf5 Be7 10.
Bg5 O-O 11. O-O Nd4 12. Bxf6 Bxf6 13. Qd3 $14 {1/2-1/2 Fischer,R-Saidy,A/West
Orange 1957/Fischer (46)}) 9. Ne3 {9.Nh6 is not dangerous for black as the
practice shows} (9. Nh6 Nd4 $5 10. Bg5 Be7 11. f4 Nxb3 12. axb3 Nh5 $36 {
0-1 Schneider,D-Epishin,V/Connecticut 2000/EXT 2001 (23)}) 9... Nd4 $146 {
[%mdl 8] In the game given below black played 9...Bh6 and got a good game} (
9... Bh6 $5 10. Ned5 Bxc1 11. Qxc1 O-O 12. O-O Nd4 13. Nxf6+ Qxf6 14. Qd2 Rac8
15. Rad1 b5 $132 {1/2-1/2 Berndt,S-Baklan,V/Germany 2000/CBM 82 ext (15)}) 10.
Ba4+ Bd7 {The unexpected 10...b5 gives black fine counterplay} (10... b5 $5 11.
Nxb5 Bd7 12. c4 Nxb5 13. Bxb5 Bxb5 14. cxb5 Qa5+ $132) 11. Bxd7+ Qxd7 12. Ncd5
{Now after capturing the d5 square white has a stable edge} Nxd5 13. Nxd5 Bg7
14. c3 Ne6 15. O-O O-O 16. Qe2 Rae8 17. Be3 f5 {After losing the positional
battle black tries to complicate matters} (17... b6 18. f3 $16) 18. Bxa7 (18.
exf5 $5 gxf5 19. Bxa7 f4 20. f3) 18... fxe4 $6 {By 18...Qa4 black could
significatly make it harder for white} (18... Qa4 $5 19. Bb6 Nf4 20. Qd1 Qxe4
21. Nxf4 exf4) 19. Qxe4 Ng5 20. Qc4 Kh8 21. Be3 $16 {White has the extra pawn
and a clear advantage} Ne6 22. Qe4 Qc6 23. Rad1 {[%cal Rd1d5] Activizing the
rook and freeing the queen from protecting the bishop} Ra8 24. Qg4 Nf4 25. Nb4
Qc7 26. Bxf4 {After exchanging black's dangerous knight white's advantage grows
} exf4 (26... Rxf4 27. Qe6) 27. Qf3 Rae8 28. Rfe1 Qf7 29. h3 {[%csl Rd6,Rf4]}
h5 {Black gives another pawn} (29... Re5 30. Re2 Rfe8 31. Red2 Re1+ 32. Kh2 $18
) (29... Be5 30. Re4) 30. Rxe8 Rxe8 31. Rxd6 Qf5 32. Rd1 b5 33. Qd3 $18 {
White has a decisive material advantage and winning is just a matter of time}
Qg5 34. Kf1 Kh7 35. Re1 $6 {A hardly understandable move. The simple 35.Nd5
was significatly better} (35. Nd5 $5) 35... Rd8 $2 {Black could have
complicate matters with 35...Re1} (35... Rxe1+ 36. Kxe1 f3 $5 (36... Qxg2 37.
Qxb5 Qxh3) 37. Qxf3 Qc1+ 38. Qd1 Qxb2) 36. Qe2 f3 37. Qxf3 $18 Rf8 38. Qe3 {
The rest is simple} Qh4 39. Kg1 Rf5 40. Qd2 Rg5 41. Kh1 Rf5 42. Re2 Qf6 43. Qe1
Qf7 {In this position a draw agreement was signed which could be only
explained by the sportive interest of both sides} 1/2-1/2

[Event "Najdorf Memorial 8th"]
[Site "Buenos Aires"]
[Date "1997.05.27"]
[Round "8"]
[White "Morovic Fernandez, Ivan"]
[Black "Kotronias, Vasilios"]
[Result "1/2-1/2"]
[WhiteElo "2580"]
[BlackElo "2590"]
[Annotator "Gofshtein,L"]
[PlyCount "105"]
[EventDate "1997.05.19"]
[EventType "tourn"]
[EventRounds "9"]
[EventCountry "ARG"]
[EventCategory "13"]
[SourceTitle "CBM 060"]
[Source "ChessBase"]
[SourceDate "1997.09.29"]
[SourceVersion "1"]
[SourceVersionDate "1997.09.29"]
[SourceQuality "1"]

1. e4 c5 2. Nf3 Nc6 3. d4 cxd4 4. Nxd4 Nf6 5. Nc3 d6 6. Bc4 Qb6 7. Nxc6 bxc6 8.
O-O g6 9. e5 dxe5 10. Qe2 Qc7 (10... Qd4 11. Be3 Qd6 $146 12. Rad1 Qc7 13. f4
$1 Bg4 14. Qf2 e4 15. Rde1 Bf5 16. h3 h5 $11 {Topalov-Kramnik,NOVGOROD 1997})
11. f4 e4 (11... exf4 $6 12. Bxf4 Qb6+ 13. Be3 Qc7 14. Bd4 $40) 12. Nxe4 Nxe4
13. Qxe4 Bg7 14. c3 O-O 15. Be3 Bf5 (15... Rb8 16. Qc2 a5 17. a4 $14 {
Morovich-Dougherty,1996}) 16. Qf3 Rad8 $6 (16... Rab8 $142 17. Qf2 c5 $1 18.
Rad1 Rfd8 19. h3 a5 20. b3 Bxc3 $11 {Sergejev.R-Gabriel,1997 Pula}) 17. Rad1 h5
18. Qf2 Bg4 $6 (18... c5 $143 19. Bxc5 Rxd1 20. Rxd1 Rc8 21. Ba6 (21. b4 Bxc3
22. Rc1 Bf6 23. Ba6 $16) 21... Qxc5 22. Rd8+ Kh7 23. Bxc8 Qc7 24. Bxf5 Qxd8 25.
Bc2 $16) 19. Rxd8 Rxd8 20. Bxa7 c5 21. Bxc5 $8 (21. Qxc5 Rc8 $1 22. b4 Bxc3
$132) 21... Rd2 (21... Rc8 $143 22. b4 Bxc3 23. Rc1 $18) 22. Qe3 Rxb2 23. Qxe7
(23. Bb3 $143 Qb7 24. Rf2 Rb1+ $11) 23... Qxe7 24. Bxe7 Bxc3 25. Bc5 $1 h4 26.
h3 Bf5 27. Rd1 (27. Rf2 Rb1+ 28. Rf1 $11 (28. Kh2 $2 Be1)) 27... Ba5 $5 28. Bf2
Bb6 29. Bxb6 Rxb6 30. a4 $6 (30. Kf2 $142 $5 Be4 (30... Rb4 31. Rd4 Kg7 32. Ke3
$16) (30... Rc6 31. Rd4 $16) (30... Rb2+ 31. Kf3 Be6 32. Bxe6 fxe6 33. Ra1 $16)
31. Bb3 $16) 30... Rb4 31. Bb5 (31. Rd4 $2 Kg7) 31... Rxf4 32. Ra1 $6 Rb4 33.
Bc6 (33. Bf1 Rb2 34. a5 Be4 35. a6 Kg7 36. a7 (36. Rc1 f5) 36... Ba8 37. Rc1
Ra2 38. Rc7 g5 $11) 33... Bd3 34. Bf3 (34. a5 Ba6 $11) 34... Ba6 35. Kf2 Kg7
36. Ke3 f5 37. Kd2 g5 38. Kc3 Rf4 39. Kb3 g4 40. hxg4 fxg4 41. Bc6 $11 Rf6 42.
Rc1 g3 43. Be4 (43. Bb5 Bb7 44. Rc2 Rf2) 43... Rf4 44. Rc7+ Kf8 45. Bd5 Be2 {
with the idea 46...Bd1} 46. Rc1 Rd4 47. Bc6 Ke7 48. Re1 (48. a5 Ba6 49. Bf3 h3)
48... Kd6 49. Rxe2 Kxc6 50. a5 Rd1 51. Re6+ Kb7 52. Rg6 Rg1 53. Rg4 1/2-1/2

[Event "Excelsior Cup"]
[Site "Gothenburg"]
[Date "2001.??.??"]
[Round "6"]
[White "Gullaksen, Eirik Tvedt"]
[Black "Yakovich, Yuri"]
[Result "0-1"]
[WhiteElo "2333"]
[BlackElo "2534"]
[Annotator "Gofshtein,L"]
[PlyCount "64"]
[EventDate "2001.01.08"]
[EventType "tourn"]
[EventRounds "9"]
[EventCountry "SWE"]
[EventCategory "7"]
[SourceTitle "CBM 081"]
[Source "ChessBase"]
[SourceDate "2001.03.20"]
[SourceVersion "1"]
[SourceVersionDate "2001.03.20"]
[SourceQuality "1"]

1. e4 c5 2. Nf3 d6 3. d4 Nf6 4. Nc3 cxd4 5. Nxd4 Nc6 6. Bc4 Qb6 7. Nde2 e6 {
Except of this move Black can play also} (7... a6 8. Bb3 e6 9. Be3 Qc7 10. f3
Be7 11. Qd2 b5 12. O-O-O Bb7 13. g4 Na5 $132 {0-1 Adhami,V-Markland,P/Skopje
1972/EXT 2000 (35)}) (7... g6 8. Bb3 Bg7 9. Be3 Qa5 10. f3 O-O 11. Qd2 Bd7 12.
Bh6 Rfc8 $132 {0-1 Bogachkov,I-Neizvestnykh,V/Arkhangelsk 1996/EXT 2000 (30)})
(7... Ne5 $6 8. Bb3 Bd7 9. O-O e6 10. a4 Be7 11. Kh1 O-O 12. f4 Neg4 13. Qe1
Rac8 14. Ng3 Ne8 15. Qe2 e5 16. Nf5 Bxf5 17. exf5 $36 {1-0 Velimirovic,
D-Terzic,S/Zenica 1989/EXT 97 (37)}) 8. a3 {Rare variation.} ({More popular is
} 8. Be3 Qc7 9. O-O Be7 (9... a6 10. a4 Be7 11. Kh1 Ng4 12. Bf4 g5 13. Bg3 h5
$132 {0-1 Khaetsky,R-Atakisi,U/Tallinn 1997/EXT 98 (59)}) 10. Ng3 O-O 11. Nb5
Qb8 12. a4 Rd8 $132 {1-0 Caminade,C-Harovelo,I/FRA-chB 1989/TD (34)}) (8. Qd3
Be7 (8... Ne5 9. Bb5+ Bd7 10. Qd4 Bxb5 11. Qxb6 axb6 12. Nxb5) 9. O-O Bd7 10.
Bb3 O-O 11. Qg3 Ne5 12. Kh1 Qa6 13. f4 Ng6 14. f5 $36 {1-0 Kundin,A-Blehm,P/
Rimavska Sobota 1996/EXT 97 (52)}) 8... Be7 (8... a6 9. Be3 Qc7 10. Nf4 Be7 11.
g4 h6 12. h4 Ne5 13. Be2 b5 $132 {0-1 Garcia Martinez,S-Padevsky,N/Havana 1964/
MCD (31)}) 9. Ba2 (9. O-O a6 10. Ba2 (10. Be3 Qc7 11. Qd2 b5 12. Ba2 Bb7 13. f3
Ne5 14. Nf4 Nc4 15. Bxc4 Qxc4 16. a4 b4 17. Nce2 a5 18. Nd3 O-O 19. b3 Qa6 20.
c3 bxc3 21. Nxc3 Rfc8 22. Rfc1 Nd7 23. Nb5 $36 {1-0 Comp King-Timman,J/The
Hague 1997/EXT 98 (39)}) 10... O-O 11. Kh1 Qc7 12. f4 b5 13. f5 Ne5 $132 {
1-0 Kreiman,B-Waitzkin,J/New York 1993/EXT 97 (27)}) 9... O-O 10. O-O Bd7 11.
Kh1 Ne5 12. f4 Neg4 13. Qd4 $2 ({After right} 13. Qe1 $5 {position is unclear:}
Ne3 14. Bxe3 Qxe3 15. Rd1 Qb6 (15... Bc6 $2 16. Rd4 e5 17. Nd1 $18) 16. e5 Ng4
17. exd6 Bf6 $132) (13. Nd4 $2 e5 14. fxe5 dxe5 15. Nf3 Nf2+ $17) 13... Qxd4
14. Nxd4 {after QQ exchange Black has slight advantage.} Bd8 $5 {strong
manoeuvre!} 15. h3 (15. Nf3 Bb6 16. e5 Ne8 $15) 15... Bb6 {White has serious
problems. Black's initiative is quite strong.} 16. Nce2 (16. Nxe6 Bxe6 17. hxg4
Bxa2 18. Rxa2 Rfe8) 16... e5 17. Nf5 (17. fxe5 dxe5 18. Nf3 Nf2+ 19. Kh2 Rae8
$17 {[%csl Re4]}) 17... Nf2+ 18. Kh2 N2xe4 19. Nxd6 $2 {[%mdl 8192] Decisive
mistake} ({Only in case of} 19. fxe5 dxe5 20. Neg3 Nxg3 $17 {White has some
resistance chances.}) 19... Nxd6 20. fxe5 Rae8 $1 {[%csl Re2] this move White
probably overlooked. Ne2 is not protected...} 21. Ng3 Rxe5 22. Bf4 Rfe8 23.
Rad1 Bc7 24. Kg1 (24. Bxe5 Rxe5 $19) 24... Bc6 25. Bxe5 Rxe5 $19 26. Rfe1 Rg5
27. Rd3 h5 28. h4 Rg4 29. Re7 Bb6+ 30. Kf1 Bb5 31. c4 Nxc4 32. Ke1 Nxb2 0-1

[Event "Buenos Aires zt 2.5"]
[Site "Buenos Aires"]
[Date "2000.??.??"]
[Round "9"]
[White "Roselli Mailhe, Bernardo"]
[Black "Peralta, Eduardo"]
[Result "1-0"]
[WhiteElo "2400"]
[BlackElo "2330"]
[Annotator "Gofshtein,L"]
[PlyCount "97"]
[EventDate "2000.07.26"]
[EventType "swiss"]
[EventRounds "9"]
[EventCountry "ARG"]
[SourceTitle "CBM 079"]
[Source "ChessBase"]
[SourceDate "2000.11.21"]
[SourceVersion "1"]
[SourceVersionDate "2000.11.21"]
[SourceQuality "1"]

1. e4 c5 2. Nf3 d6 3. d4 cxd4 4. Nxd4 Nf6 5. Nc3 Nc6 6. Bc4 Qb6 7. Nb3 e6 8.
Bf4 Ne5 9. Bb5+ Bd7 10. Bxd7+ Nfxd7 11. Qe2 a6 (11... Be7 $5 12. Be3 Qc6 (12...
Qb4 $2 13. f4 $18) 13. Nd4 Qc8 $132) 12. O-O (12. Rd1 Qc7 13. Bc1 b5 14. f4 Nc4
$132 {1-0 Milos,G-Filgueira,H/Buenos Aires 1998/CBM 67 ext (31)}) (12. O-O-O {
this move does not look like very dangerous,and gives black good counterplay}
Be7 (12... Rc8 $5 $132) 13. h4 Qc7 14. Bg5 Nf6 15. f4 Nc6 16. h5 {1/2-1/2
Milos,G-Zarnicki,P/San Luis 1995/EXT 97 (42)}) (12. Bxe5 $6 {dubious move,
which lets black serious counterplay.} dxe5 13. O-O-O Bb4 $132 {1-0 Fichtl,
J-Smejkal,J/Pardubice 1965/MCD (57)}) 12... Be7 (12... Qc7 $5 13. Rae1 (13.
Rad1 Be7 14. Bc1 Nf6 (14... g5 $5) 15. f4 Ned7 16. Kh1 Rc8 17. Rd3 b5 18. a3
O-O 19. g4 Nc5 $13 {1/2-1/2 Milos,G-Fiorito,F/Mar del Plata 1996/CBM 51 ext 
(33)}) 13... Be7 14. Bc1 g5 $5 {[%csl Ge5][%cal Yg5f4] It is an interesting
plan:black begins counterplay on the king side,and hides his king on the
another side.} 15. Kh1 h5 $5 16. Nd4 O-O-O 17. f3 h4 $132 {0-1 Milos,
G-Yermolinsky,A/Groningen 1996/EXT 98 (57)}) 13. Rad1 O-O (13... g5 $5) 14. Kh1
{with idea ,after 15.Bc1, to begin an attack on the king side} Rac8 (14... Qc7
15. Bc1 b5 16. f4 Nc4 17. Rd3 Rad8 (17... Bf6 18. Rh3 Rfe8 $13 {1/2-1/2 Bragin,
A-Kiselev,S/Orel 1997/EXT 99 (36)}) (17... b4 18. Nd1 Rfc8 19. Rh3 Bf6 $132 {
1-0 Babaev,R-Atakisi,U/Tallinn 1997/EXT 98 (39)}) 18. Nd1 $5 {[%cal Rd1f2,
Rd1e3]} Nf6 19. Nd4 Qb7 20. Nf2 g6 21. b3 Nb6 22. e5 Nh5 23. Ng4 $40 {[%cal
Gg4h6,Gg4f6] 1-0 Milos,G-Wang Zili/Groningen 1996/EXT 98 (39)}) 15. Bc1 Rfe8 {
black preparing counterplay in the centre} (15... Nc5 $6 16. f4 Nxb3 17. axb3
Ng6 18. Rd3 $16 {1/2-1/2 Plasman,H-Veerman,J/Dieren 1997/EXT 98 (28)}) 16. f4
Nc4 17. Rd3 Qc7 18. Nd1 b5 19. c3 Qb7 $146 {In the game Rodrigues.A -
Peralta-see comments to this game above,  was 19...Nf8 but also without
success.19...Qb7 looks stronger,but white saves advantage in this case too.}
20. Nf2 Nf8 $2 {This move is too passive. It was necessary to begin
counterplay in the centre by 20...e5} (20... e5 $5 21. f5 a5 $132) 21. Nd4 $5 {
[%cal Yd4f5,Yd4f3]} Bh4 22. Nh3 Rcd8 23. Nf3 Be7 24. Nf2 f5 25. Rfd1 fxe4 (
25... g6 26. b3 Nb6 27. Ba3 $16) 26. Nxe4 {Black does not have an active plan,
but he has some chances for counterplay} d5 27. Nf2 {[%csl Rd4,Re5][%cal Yf2g4,
Yg4e5,Yf3e5]} Bc5 28. Ng4 {After this move, white captures e5-square.} Nd6 29.
Be3 Bxe3 30. Rxe3 {[%csl Rd4,Re5][%cal Ye3e6] Dark squares in the center
became much weaker after the trade of the bishops.} a5 31. Nd4 {[%csl Re6]
[%cal Rd4e6,Ye3e6]} Nc4 32. Rg3 {[%csl Rf6,Rh6][%cal Rg4f6,Rg4h6]} Kh8 33. b3
Nd6 34. Re3 b4 (34... Ne4 35. Nxb5 $16) (34... Ng6 35. Nxe6 $16) 35. cxb4 axb4
36. Nxe6 Nxe6 37. Rxe6 $16 Ne4 38. Rxe8+ Rxe8 39. Qe3 {[%cal Ye3a7]} Qa6 40. h3
{white has pawn up and better position.} h6 41. Rxd5 Qxa2 42. Kh2 Qc2 43. Rd4
Kh7 (43... Nd6 44. Ne5 $18) 44. Rxb4 $18 h5 45. Rc4 Qb1 46. Rc1 Qb2 47. Ne5 Nd2
48. Qd3+ Kg8 49. Rd1 1-0

[Event "Buenos Aires zt 2.5"]
[Site "Buenos Aires"]
[Date "2000.??.??"]
[Round "8"]
[White "Rodriguez Vila, Andres"]
[Black "Peralta, Eduardo"]
[Result "1-0"]
[WhiteElo "2493"]
[BlackElo "2330"]
[Annotator "Gofshtein,L"]
[PlyCount "65"]
[EventDate "2000.07.26"]
[EventType "swiss"]
[EventRounds "9"]
[EventCountry "ARG"]
[SourceTitle "CBM 079"]
[Source "ChessBase"]
[SourceDate "2000.11.21"]
[SourceVersion "1"]
[SourceVersionDate "2000.11.21"]
[SourceQuality "1"]

1. e4 c5 2. Nf3 Nc6 3. d4 cxd4 4. Nxd4 Nf6 5. Nc3 d6 6. Bc4 Qb6 7. Nb3 e6 8.
Bf4 Ne5 9. Bb5+ Bd7 10. Bxd7+ Nfxd7 11. Qe2 a6 12. O-O Be7 13. Rad1 O-O 14. Kh1
Rac8 15. Bc1 Rfe8 16. f4 Nc4 17. Rd3 {[%cal Rd3h3]} Qc7 18. Nd1 b5 19. c3 Nf8
$6 $146 {This move is too passive.  Probably better looks 19...Qb7with idea to
prepare counterplay in the centre by  e6-e5, how it was in the game Roselli
-Peralta -see comments below.} 20. Rg3 {[%csl Rg7][%cal Rg3g7] White brings up
the rook to the king side,and begins to worry black king.} Qb7 21. Nf2 Kh8 $6 {
It was necessary to play active by 21...d5 or 21...Bh4,creating counterplay in
the centre. Now white is totaly capturing the initiative.} (21... d5 $142 $5
22. Qg4 g6 $132) (21... Bh4 $142 22. Rh3 Bxf2 23. Rxf2 d5 24. e5 b4 $132) 22.
Qg4 {[%csl Rg7][%cal Yg4g7]} g6 (22... Ng6 23. f5 Nce5 24. Qh5 exf5 25. exf5
Nf8 26. Ng4 $36) 23. f5 exf5 {Black opens e-file,trying to create a
counterplay.} (23... Bf6 24. Qd1 $5 $36) 24. exf5 Bf6 {[%csl Re4][%cal Ye8e1]}
25. Qd1 $1 {White is setting free g4-square for the knight.} gxf5 (25... Ne5
26. fxg6 fxg6 27. Qxd6 Bh4 28. Rh3 Rcd8 29. Qc5 $16) (25... Bh4 $2 26. Qd4+ $18
) 26. Nd4 Qd5 27. Qh5 {[%csl Rf5][%cal Yd4f5,Yh5f5] White begins to take care
on weak black pawns, destroying them.} Bxd4 28. cxd4 f6 {also badly 28...Qd4} (
28... Qxd4 29. Qxf5 Rc7 (29... Ne6 30. Ng4 $36) 30. Ng4 $16) 29. Ng4 $1 {
[%cal Yg4f6,Yg4h6]} Nd7 30. Nh6 Re7 31. Nxf5 $18 Nb8 32. Bh6 Rd7 33. Ne7 {
[%csl Rg7][%cal Yh6g7,Yh5d5]} 1-0